| 000 | 00488nam a22001697a 4500 | ||
|---|---|---|---|
| 003 | BD-DhUL | ||
| 005 | 20161212111952.0 | ||
| 008 | 161212s2013 xxu||||| |||| 00| 0 eng d | ||
| 040 |
_aBD-DhUL _cBD-DhUL |
||
| 082 |
_a616.891523 _bJEO |
||
| 100 | 1 | _aSue Jennings. | |
| 245 | 0 |
_a101 ideas for managing challenging behaviour / _cSue Jennings. |
|
| 260 |
_aBuckingham : _bHinton House, _c2013. |
||
| 300 |
_axix, 160 p. : _b ill., map ; _c30 cm. |
||
| 650 | 0 | _aPsychodrama | |
| 942 |
_2ddc _cBK |
||
| 999 |
_c134338 _d134338 |
||